| 000 | 00602nam a22001817a 4500 | ||
|---|---|---|---|
| 999 |
_c12404 _d12404 |
||
| 003 | AR-CdUCM | ||
| 008 | 190408b ||||| |||| 00| 0 spa d | ||
| 040 |
_aMUNICIPALIDAD PROVINCIAL DEL CUSCO _cBIBLIOTECA MUNICIPAL DEL CUSCO |
||
| 082 |
_a982.05 / _bM66 / 1911 |
||
| 245 |
_aGuerra del Paraguay / _bArchivo del general Mitre |
||
| 260 |
_aBuenos Aires / _bBiblioteca de la nacion, _c1911. |
||
| 300 |
_a349 paginas ; _c23 cm. |
||
| 505 | _aContenido :La guerra del Paraguay / | ||
| 650 |
_aHistoria _9136 |
||
| 650 |
_aGuerra de Paraguay _930242 |
||
| 942 |
_2ddc _cLIBROS |
||
| 945 |
_arjall _d2019-04-08 |
||